• 首页
  • 本馆介绍
  • 公告通知
  • 最新文献
  • 馆藏检索
  • 电子资源
  • 读者导购
  • 参考咨询
  • 我的图书馆
  • 登录
  • 详细信息显示
  • 放入我的书架
  • 预约/预借图书
  • 作者相关作品
  • 分类相关作品
  • 丛书相关作品
  • 出版社相关作品

书目信息

  • 表格格式
  • 工作单格式
  • 卡片格式
题名:
国家教师资格考试专用教材
    
 
作者: ;山香教师资格考试命题研究中心 主编
分册:   语文学科知识与教学能力
出版信息: 北京   首都师范大学出版社  2016
页数: 334页
开本: 29cm
丛书名:
单 册:
中图分类: G451.1 , G633.302
科图分类:
主题词: 教师--资格考试--教材 , 中学语文课--教学法--初中--教师--资格考试--教材
电子资源:
ISBN: 978-7-5656-2911-2
000 01331nam0 2200277 450
001 012001000692
005 20131024133536.0
010    @a978-7-5656-2911-2@dCNY48.00
100    @a20161019d2016 em y0chiy50 ea
101 0  @achi
102    @aCN@b110000
105    @ay z 000yy
106    @ar
200 1  @a国家教师资格考试专用教材@9guo jia jiao shi zi ge kao shi zhuan yong jiao cai@i语文学科知识与教学能力@i初级中学@f山香教师资格考试命题研究中心主编
210    @a北京@c首都师范大学出版社@d2016
215    @a334页@d29cm
300    @a2017年国家教师资格考试专用教材
330    @a本书是严格根据教师资格考试《语文学科知识与教学能力》(初级中学)笔试大纲编写而成的指导用书,适用于初中语文教师资格申请者。全书分为语文学科知识、语文教学设计、语文教学实施、语文教学评价四个方面的内容。本书重点突出,知识面全,有助于考生了解和熟悉教师资格考试的内容和题型,并把握高频考点及命题方向,从而达到有针对性的复习和备考的目的。
517 1  @a语文学科知识与教学能力@9yu wen xue ke zhi shi yu jiao xue neng li
606 0  @a教师@x资格考试@j教材
606 0  @a中学语文课@x教学法@x初中@x教师@x资格考试@j教材
690    @aG451.1@v5
690    @aG633.302@v5
711 02 @a山香教师资格考试命题研究中心@9shan xiang jiao shi zi ge kao shi ming ti yan jiu zhong xin@4主编
801  0 @aCN@b江苏凤凰@c20191020
905    @b1220966-9@dG451.1@e354@f4
    
    国家教师资格考试专用教材.语文学科知识与教学能力.初级中学/山香教师资格考试命题研究中心主编.-北京:首都师范大学出版社,2016
    334页;29cm
    2017年国家教师资格考试专用教材
    
    ISBN 978-7-5656-2911-2:CNY48.00
    本书是严格根据教师资格考试《语文学科知识与教学能力》(初级中学)笔试大纲编写而成的指导用书,适用于初中语文教师资格申请者。全书分为语文学科知识、语文教学设计、语文教学实施、语文教学评价四个方面的内容。本书重点突出,知识面全,有助于考生了解和熟悉教师资格考试的内容和题型,并把握高频考点及命题方向,从而达到有针对性的复习和备考的目的。
●
相关链接 在E读中查询图书 在五车中查询图书 在当当中查询图书 在豆瓣中查询图书


正题名:国家教师资格考试专用教材     索取号:G451.1/354         预约/预借

序号 登录号 条形码 馆藏地/架位号 状态 备注
1 1220966   212209661   第一样本阅览室/ [索取号:G451.1/354] 在馆    
2 1220967   212209670   第四借阅区/ [索取号:G451.1/354] 在馆    
3 1220968   212209689   教育系资料室/ [索取号:G451.1/354] 在馆    
4 1220969   212209698   教育系资料室/ [索取号:G451.1/354] 在馆    
唐山师范学院图书馆 欢迎您!
大连网信软件有限公司© 版权所有